00617nam a2200157Ia 4500008004100000020002200041050002800063100001700091245009700108260004800205300002300253504004100276520003400317650005300351650005500404150610s9999 xx 000 0 und d a0801065992 (pbk.) aPR6023b.E926L4325 2005 aBrown, Devin aInside Narnia :ba guide to exploring The lion, the witch, and the wardrobe /cDevin Brown. aGrand Rapids, Mich. :bBaker Books,c2005. a255pages :c22 cm. aIncludes bibliographical references. a Children's stories, English. aHistory and critisismx Fantasy fiction, English aHistory and critisismxChristian fiction, English.